| 000 | 00733cam a22002414a 4500 | ||
|---|---|---|---|
| 020 | _a9781604690354 | ||
| 020 | _a1604690356 | ||
| 020 | _a9780881929874 | ||
| 020 | _a0881929875 | ||
| 040 | _cDLC | ||
| 082 | 0 | 0 | _a615 NAT 1987 C154 Or. |
| 100 | 1 | _aMoerman, Daniel E. | |
| 245 | 1 | 0 |
_aNative American medicinal plants : _ban ethnobotanical dictionary / |
| 300 |
_a799 pages : _billustrations ; _c23 cm. |
||
| 500 | _aAbridged version of: Native American ethnobotany / Daniel E. Moerman. c1998. | ||
| 650 | 0 | _aMedicinal plants | |
| 650 | 0 | _aMateria medica, Vegetable | |
| 650 | 0 | _aIndians of North America | |
| 650 | 0 | _aIndians of North America | |
| 650 | 0 | _aEthnobotany | |
| 700 | 1 | _aMoerman, Daniel E. | |
| 942 | _cAEDBB | ||
| 999 |
_c18909 _d18909 |
||